000 01211nam a2200217 a 4500
001 000016863
005 20200929164956.0
008 100311s2005 ag ac 000 0 eng d
040 _aDO-SdBNP
_bspa
_cBNPHU
082 _aR 611
_bA881v
245 0 0 _aAtlas visual del cuerpo humano :
_banatomía y funciones /
_cdirección y supervisión general Luis Roberto Barone ; dirección editorial Carlos Eduardo Rodríguez ; ilustraciones Paulo Soverón.
260 _aBuenos Aires :
_bCultural Librería Americana,
_c2005.
300 _a64 p. :
_bil., retrs. ;
_c38 cm.
505 2 _aUn organismo complejo -- La célula -- Los tejidos -- Los huesos -- Los músculos --El sistema nervioso -- El sistema circulatorio -- El sistema linfático -- El sistema endocrino -- El sistema respiratorio -- El sistema digestivo -- El sistema excretor -- El sistema reproductor masculino -- El sistema reproductor femenino -- La gestación -- Los sentidos -- Apéndice -- Glosario.
650 4 _aAnatomía humana
_vATLAS
_912158
700 1 _aBarone, Luis Roberto,
_92225
700 1 _aRodríguez, Carlos Eduardo,
_937325
700 1 _aSoverón, Paulo,
_eil.
_937326
910 _aValidado. Control de calidad BNPHU.
049 _aBNPD
999 _c16395
_d16395